000 01091nam a2200277 a 4500
001 000048329
005 20240307073942.0
008 190130s2017 dr d r 000 0 spa d
020 _a9789945472752
040 _aDO-SdBNP
_bspa
_cBNPHU
082 _a362.1
_bR234s
100 1 _aRathe, Magdalena
_936842
245 1 0 _aSalud, visión de futuro :
_b20 años despúes /
_cMagdalena Rathe, Pamela Suero.
260 _aSanto Domingo :
_bINTEC,
_c2017.
300 _a363 p. :
_bdiagr. ;
_c23 cm.
500 _aIncluye datos biográficos de los autores en la solapa de la contracubierta
500 _aIncluye referencias bibliográficas y notas al pie de las páginas
500 _aIncluye índice gráficos y tablas
590 _aInventariado, 2019/BT
650 4 _aSalud pública
_zRepública Dominicana
_92078
650 4 _aSistemas nacionales de salud
_zRepública Dominicana
_937247
700 1 _aSuero, Pamela
_974077
700 1 _aRojas, Fernando de,
_d1470-1541
_epról.
_939878
710 2 _aInstituto Tecnológico de Santo Domingo
_978911
910 _aValidado. Control de validad MFF
999 _c47817
_d47817